alle deutschen Süßwasserfischarten - Statistiken

Allgemein
  • Dieses Quiz wurde 129 mal gespielt
  • Das Durchschnittsergebnis liegt bei 13 aus 58
Antwortstatistiken
Fischfamilie Lösung % Korrekt
welsartig Wels
88%
hechtartig Hecht
85%
karpfenartig Karpfen
85%
aalartig Aal
73%
lachsartig Bachforelle
73%
lachsartig Regenbogenforelle
71%
barschartig Zander
60%
karpfenartig Rotauge
48%
barschartig Flussbarsch
47%
karpfenartig Rotfeder
44%
karpfenartig Schleie
44%
karpfenartig Brasse
38%
karpfenartig Graskarpfen
27%
lachsartig Bachsaibling
25%
lachsartig Seeforelle
25%
dorschartig Quappe
23%
karpfenartig Karausche
22%
lachsartig Äsche
21%
karpfenartig Döbel
21%
lachsartig Seesaibling
21%
karpfenartig Barbe
19%
barschartig Kaulbarsch
19%
karpfenartig Rapfen
19%
lachsartig Meerforelle
16%
karpfenartig Nase
16%
karpfenartig Bitterling
14%
lachsartig Huchen
14%
karpfenartig Ukelei
14%
Störe Sterlet
12%
welsartig Zwergwels
12%
stichlingartig dreistachliger Stichling
11%
karpfenartig Gründling
11%
karpfenartig Gründling
11%
karpfenartig Moderlieschen
10%
barschartig Sonnenbarsch
10%
Schmerlen Bachschmerle
8%
karpfenartig Elritze
8%
Schmerlen Steinbeißer
8%
karpfenartig Aland
7%
lachsartig atlantischer Lachs
7%
Groppen Mühlkoppe
7%
Maränen Renke
7%
Störe Hausen
5%
karpfenartig Silberkarpfen
5%
barschartig Streber
5%
karpfenartig Zährte
5%
karpfenartig Zope
5%
lachsartig Binnenstint
4%
karpfenartig Hasel
4%
karpfenartig Marmorkarpfen
4%
stichlingartig neunstachliger Stichling
4%
barschartig Schrätzer
4%
barschartig Zingel
4%
Schmerlen Schlammpeitziger
3%
karpfenartig Steingressling
3%
karpfenartig Zobel
3%
Maränen Zwergmaräne
3%
karpfenartig Blaubandbärbing
1%
Keine übereinstimmenden Quizze gefunden
Verteilung der Resultate
Anzahl Personen mit jedem Resultat
Perzentil nach korrekt beantworteten Fragen
Ihre Resultats-Entwicklung
Sie haben dieses Quiz noch nicht gespielt